000 01268nam a2200217 a 4500
008 170111s2015 ||||||||||||||||| || u
020 _a9781483352268
050 _aHD 57.7 Nus
100 _aLussier, Robert N
245 1 0 _aManagement fundamentals: concepts applications skill development (6th edition)
_cBy Robert N. Lussier
250 _a6th ed.
260 _aLondon
_bSAGE
_c2015
300 _axxxiii, 517p.: ill.
650 0 _aMANAGEMENT
650 0 _aLEADERSHIP
995 _aANNEX COLLECTION (Main Library)
_e747594
_FCBU-MAIN LIBRARY (Kitwe)
_jHD 57.7 Nus
_M2
_UAVAILABLE
_WJan 24, 2017
_y747594
_ZAnnex Low-Usage Collection
995 _aANNEX COLLECTION (Main Library)
_e747595
_FCBU-MAIN LIBRARY (Kitwe)
_jHD 57.7 Nus
_M3
_UAVAILABLE
_WJan 24, 2017
_y747595
_ZAnnex Low-Usage Collection
995 _aMAIN LIBRARY OPEN ACCESS
_e747596
_FCBU-MAIN LIBRARY (Kitwe)
_jHD 57.7 Nus
_M4
_UAVAILABLE
_WJan 24, 2017
_y747596
_ZMain Library Open Access Collection
995 _aMAIN LIBRARY OPEN ACCESS
_e747593
_FCBU-MAIN LIBRARY (Kitwe)
_jHD 57.7 Lus
_M1
_UAVAILABLE
_WJan 24, 2017
_y747593
_ZMain Library Open Access Collection
995 _aANNEX COLLECTION (Main Library)
_e747597
_FCBU-MAIN LIBRARY (Kitwe)
_jHD 57.7 Nus
_M5
_UAVAILABLE
_WJan 24, 2017
_y747597
_ZAnnex Low-Usage Collection
999 _c82433
_d82433